000 00669nam a2200265 i 4500
001 C2-0258532
003 PPAK
005 20180727225141.0
008 041007s2000 nyu |||| ||||| | eng d
020 _a0679891099
040 _aPPAK
_beng
_cPPAK
_erda
082 0 4 _a823
_223
090 0 0 _a823
_bGLU
_dK
100 1 _aGlut, Donald F.,
_eauthor
245 1 0 _aChomper
264 1 _aNew York :
_bRandom House ,
_c2000
300 _a126 pages ;
_c20 cm
336 _2rdacontent
_atext
337 _2rdamedia
_aunmediated
338 _2rdacarrier
_avolume
490 1 _aDinotopia
650 1 0 _aChildren's stories, English
830 0 _aDinotopia
942 _ddc
_cB
999 _c70111
_d70111